00500nam a22001457a 4500003000500000038001800005082000800023100002400031245010500055264003500160300002400195650004500219700003300264856005700297NUST aNusrat Nadeem a200 aKhattak, Gul-E-Lala aA No-Code Solution for Streamlining Student Feedback and Assessment Processes/cGul-E-Lala Khattak,  aIslamabad;bSEECS NUST;c2024. a81,p;bill;c30,cm. aMS- Innovative Technologies in Learning  aSupervisor: Dr. Sohail Iqbal uhttp://10.250.8.41:8080/xmlui/handle/123456789/46046